Conventions and proprieties of parliamentary democracy in India (Record no. 475716)

000 -LEADER
fixed length control field 00475cam a22001337a 4500
008 - FIXED-LENGTH DATA ELEMENTS--GENERAL INFORMATION
fixed length control field 180718b1966 xxu||||| |||| 00| 0 eng d
082 ## - DEWEY DECIMAL CLASSIFICATION NUMBER
Classification number B253x54 In2
100 ## - MAIN ENTRY--PERSONAL NAME
Personal name Santhanam, K.
245 ## - TITLE STATEMENT
Title Conventions and proprieties of parliamentary democracy in India
Statement of responsibility, etc. by K. Santhanam
260 ## - PUBLICATION, DISTRIBUTION, ETC.
Place of publication, distribution, etc. New Delhi
Name of publisher, distributor, etc. Indian Institute of Public Administration
Date of publication, distribution, etc. 1966
300 ## - PHYSICAL DESCRIPTION
Extent 101p.
650 ## - SUBJECT ADDED ENTRY--TOPICAL TERM
Topical term or geographic name entry element India --Politics and government --1947.
700 ## - ADDED ENTRY--PERSONAL NAME
Personal name Indian Institute of Public Administration
Holdings
Withdrawn status Lost status Damaged status Not for loan Permanent Location Current Location Date acquired Full call number Barcode Date last seen Price effective from Koha item type
        Indian Institute of Public Administration Indian Institute of Public Administration 2018-08-04 B253x54 In2 GR7090 2018-08-04 2018-08-04 GR
        Indian Institute of Public Administration Indian Institute of Public Administration 2018-08-04 B253x54 In2 GR7089 2018-08-04 2018-08-04 GR
        Indian Institute of Public Administration Indian Institute of Public Administration 2018-08-04 B253x54 In2 GR7088 2018-08-04 2018-08-04 GR
        Indian Institute of Public Administration Indian Institute of Public Administration 2018-08-04 B253x54 In2 GR7087 2018-08-04 2018-08-04 GR
        Indian Institute of Public Administration Indian Institute of Public Administration 2018-08-04 B253x54 In2 GR7086 2018-08-04 2018-08-04 GR
        Indian Institute of Public Administration Indian Institute of Public Administration 2018-08-04 B253x54 In2 GR7085 2018-08-04 2018-08-04 GR

Powered by Koha